Word Ladder: Chris Hemsworth Quiz Stats

 Plays Quiz Updated Aug 6, 2013

Support Sporcle.
Go Orange.
Score 0/37 Timer 04:00
3 Plays Today
Clue 4-Letter Word % Correct
Superman's love LoisLANE
96.1%
Moisten with your tongueLICK
94.8%
A wine bottle stopperCORK
93.7%
Get a field goalKICK
92.5%
Chocolate bit in a cookieCHIP
91.5%
A smileGRIN
91.5%
Goatee locationCHIN
91.5%
Julia Roberts as '___ Brockovich'ERIN
91.3%
Nits in one's hairLICE
91.1%
Cut up with an axeCHOP
90.1%
'Arsenic and Old ___'LACE
90%
Front of the lower legSHIN
90%
John Wayne's 'True ___'GRIT
90%
A huge nerdDORK
89.7%
Orson Welles' CitizenKANE
88.7%
★ Role in 'Star Trek' or TV actor Cameron ★★ KIRK ★
86.9%
Cleanser '___ and Span'SPIC
86.3%
'___ Hand Luke'COOL
86%
Alternate to buying a vowelSPIN
83.8%
Clue 4-Letter Word % Correct
★ Role in 'Snow White & the Huntsman' or 'South Park's Cartman ★★ ERIC ★
82.4%
Douglas Adams character GentlyDIRK
81%
Conduct a surveyPOLL
80.9%
Large, like a failureEPIC
80.8%
A young male horseCOLT
79.3%
★ Role in 'The Avengers' or Norse god ★★ THOR ★
78.4%
Dirty Harry in 'The Dead ___'POOL
78.1%
Trot, walk, or canter, e.g.GAIT
72.5%
A black bird of the rail familyCOOT
70.6%
★ Role in 'A Perfect Getaway' or a leafy green ★★ KALE ★
70.4%
A cover for a coffinPALL
68.7%
A type of bladderGALL
67%
Manson Family or Heaven's Gate, e.g.CULT
63.5%
$1000, slangilyTHOU
61.6%
1st Premiere of China, ___ En LaiCHOU
61.5%
John of 'Atlas Shrugged'GALT
61.4%
'Harold and Maude' actor BudCORT
56.4%
★ Role in 'The Cabin in the Woods' or brusque ★★ CURT ★
54.1%

Today's Daily Dose

Quick Pick
Nissan Models

Get the Picture
Amazing Trees

From the Vault

Truth and Beauty in Movie Titles

by JoeBeta

Movies 4m
Sometimes a good dodgeball scene is truly beautiful.
Remove Ads.
Support Sporcle.
Get the best of Sporcle when you Go Orange. This ad-free experience offers more features, more stats, and more fun while also helping to support Sporcle. Thank you for becoming a member.

Show Comments

Extras

Top Quizzes Today


Score Distribution

Your Account Isn't Verified!

In order to create a playlist on Sporcle, you need to verify the email address you used during registration. Go to your Sporcle Settings to finish the process.

Report this User

Report this user for behavior that violates our Community Guidelines.

Details: